000 00658nam a22001937a 4500
003 LK-CoMWRAF
005 20240315134719.0
008 231219b1980 |||||||| |||| 00| 0 eng d
040 _aLK-CoMWRAF
_dLK-CoMWRAF
_eLK-CoMWRAF
041 _aeng
082 _a305.42
_bABB
100 _aAbbasi, M. B.
245 _aSocio-economic characteristics of women in Sind :
_bissues affecting women's status
260 _aKarachi :
_bSind Regional Plan Organisation, Economic Studies Centre,
_c [1980]
300 _aviii., 126 p. ; 26 cm.
650 _aWomen--Pakistan--Sindh--Social conditions
650 _aWomen--Pakistan--Sindh--Economic conditions
942 _cBK
999 _c4531
_d4531